000 00769nam a2200181 a 4500
008 200804s2014 ||||||||||||||||| || u
020 _a9781107618985
050 _aQH 541.15 .E25 Per
100 _aPerrings, Charles
245 1 0 _aOur uncommon heritage : biodiversity change, ecosystem services and human wellbeing
_cBy Charles Perrings
260 _aCambridge
_bCambridge University Press
_c2014
300 _axxxix, 522 pages : illustrations
650 0 _aENVIRONMENTAL ECONOMICS
650 _aECOSYSTEM--SERVICES
650 _aECOLOGY--ECONOMIC ASPECTS
650 0 _aBIODIVERSITY--ECONOMIC ASPECTS
995 _FCBU-MAIN LIBRARY (Kitwe)
_M1
_UAVAILABLE
_WAug 5, 2020
_ZMain Library Open Access Collection
999 _c52988
_d52988